| 000 | 00378nam a2200145Ia 4500 | ||
|---|---|---|---|
| 008 | 230125s9999 xx 000 0 und d | ||
| 041 | _aeng | ||
| 082 |
_a657 _bSIN |
||
| 100 |
_aSinnarkar P N _9114802 |
||
| 245 | _aCo-operative accounts | ||
| 260 |
_c2003 _bPragati publications _aPune |
||
| 300 | _a174p | ||
| 700 |
_aSinnarkar P N & Belwale U R _9114803 |
||
| 999 |
_c92387 _d92387 |
||